John F. Kennedy Trivia - Statistics

General Stats
  • This quiz has been taken 65 times
  • The average score is 12 of 15
Answer Stats
Hint Answer % Correct
A missile crisis was had with the USA and ______during his presidency Cuba
94%
What city in Texas was JFK in when he was killed Dallas
94%
Who was JFK's vice president Lyndon B. Johnson
94%
He was the first president to be a Roman ________ Catholic
89%
JFK announced that the US will be the first to go tothe _____, which launched the apollo missions Moon
87%
What political party was Kennedy part of Democratic
85%
Who killed John F Kennedy Lee Harvey Oswald
85%
Kennedy's younger brother who also died fromassassination Robert
85%
Famous invasion that failed Bay of Pigs
81%
War faught between the US and the Soviet Unionduring JFK presidency Cold War
81%
What US state was JFK from? Massachusetts
72%
What war did Kennedy fight in? World War 2
68%
JFK was the youngest elected president but not theyoungest to serve. Who was the youngest to serve? Theodore Roosevelt
60%
What type of car was JFK in when he waskilled? Lincoln
38%
What book made by JFK won him a Pulitzer Prize Profiles in Courage
38%
No matching quizzes found
Score Distribution
Percent of People with Each Score
Percentile by Number Answered
Your Score History
You have not taken this quiz